Το μαστιχόδεντρο της Χίου = (Pictacia lentiscus var. chia)
Αποθηκεύτηκε σε:
| Κύριος συγγραφέας: | |
|---|---|
| Μορφή: | Βιβλίο |
| Γλώσσα: | Greek |
| Δημοσίευση: |
Θεσσαλονίκη :
Αδελφών Κυριακίδη,
c2000
|
| Θέματα: | |
| Ετικέτες: |
Προσθήκη ετικέτας
Δεν υπάρχουν, Καταχωρήστε ετικέτα πρώτοι!
|
MARC
| LEADER | 00000nam a2200000 i 4500 | ||
|---|---|---|---|
| 001 | 1/23471 | ||
| 008 | 011112s2000 gre d | ||
| 020 | |a 960-343-528-7 | ||
| 035 | |l 10067672 | ||
| 040 | |a GR-MY-UA |b gre |e aacr | ||
| 041 | 0 | |a gre | |
| 082 | 0 | |a 634 | |
| 100 | 1 | |a Σαββίδης, Θωμάς. | |
| 245 | 1 | 3 | |a Το μαστιχόδεντρο της Χίου = |b (Pictacia lentiscus var. chia) / |c Θωμάς Σαββίδης |
| 260 | |a Θεσσαλονίκη : |b Αδελφών Κυριακίδη, |c c2000 | ||
| 300 | |a 139 σ. | ||
| 504 | |a Περιλαμβάνει βιβλιογραφία | ||
| 650 | 0 | 0 | |a Pistacia |z Greece |z Chios Island. |
| 852 | |a INST |b CHIOS |e 20011112 |h 634 ΣΑΒ |p 005200020723 |q 005200020723 |t BK |y 0 | ||
| 852 | |a INST |b LESVOS |e 20080205 |h 634 ΣΑΒ |p 005100040717 |q 005100040717 |t BK |y 0 | ||
| 901 | |a BIBL2-2001-3 | ||
| 901 | |a BIBL1-2008-1 | ||
| 909 | |a Χ |b 098286 | ||
| 909 | |a Λ |b 142058 | ||
| 922 | |a 2ΕΛΗ |b 200111 |c ΒΙΒΛΙΟΘΗΚΗ ΧΙΟΥ |d ΚΡΟΜΜΥΔΑΣ | ||
| 922 | |a 1ΕΛΗ |b 200711 |c ΕΠΕΑΕΚ2/ΤΠ |d Σ. ΠΑΤΑΚΗΣ | ||
| 950 | |a 082-2001-10-31 | ||
| 970 | |a ΣΑΛΑΜΟΥΡΑ |b ΜΑΡΙΑ |z 2001/11/15 | ||